Geography Quiz

Random Geography or City Quiz

5 to 1: US Cities Quiz Stats

 Plays Quiz Updated Sep 3, 2019

Support Sporcle.
Go Orange.
Score 0/15 Timer 03:00
109 Plays Today
% Correct
Fresno
95.6%
Oakland
94.4%
Bakersfield
90.1%
St. Louis
87.1%
New Orleans
86.2%
Riverside
85.2%
Memphis
78.8%
Stockton
78.1%
% Correct
Tempe
76.5%
Charlotte
76.1%
Indianapolis
71.5%
West Valley City
71.2%
Milwaukee
69.4%
Baltimore
66.4%
Minneapolis
64.3%

From the Vault

Anything but the Yankees

by gnatural

Sports 5m
Don't worry Yankees fans, this quiz doesn't say anything negative about Derek Jeter. We would never dare! (or would we?)
Remove Ads.
Support Sporcle.
Get the best of Sporcle when you Go Orange. This ad-free experience offers more features, more stats, and more fun while also helping to support Sporcle. Thank you for becoming a member.

Show Comments

Extras

Top Quizzes Today


Score Distribution

Your Account Isn't Verified!

In order to create a playlist on Sporcle, you need to verify the email address you used during registration. Go to your Sporcle Settings to finish the process.

Report this User

Report this user for behavior that violates our Community Guidelines.

Details: